000 00357nam a2200145Ia 4500
008 230917s9999||||xx |||||||||||||| ||und||
040 _e156175
_aMAIN
041 _aEnglish
082 _a294.12 S77R
100 _aSurender Kumar
245 0 _aRigaveda mein vividh vidgyaen
260 _aDelhi
_bSanjay Prakashan
_c2000
300 _a219p p.
942 _cBK
999 _c105889
_d105889